Základy manažmentu výroby : Zbierka príkladov /

Saved in:
Bibliographic Details
Main Authors: Stern, Juraj (Author), Dupaľ, Andrej (Author)
Format: Book
Language:Slovak
Published: Bratislava : Vysoká škola ekonomická, Bratislava, 1991
Tags: Add Tag
No Tags, Be the first to tag this record!

MARC

LEADER 00000nam a22000003a 4500
001 stu18042
005 20150617225754.6
008 911106s1991----cs------------------slo-d
020 |a 80-225-0287-1 
040 |a STU  |b slo 
041 0 |a slo 
044 |a cs 
080 |a 338.242(075.8) 
100 1 |a Stern, Juraj  |4 aut 
245 1 |a Základy manažmentu výroby :  |b Zbierka príkladov /  |c [aut.]Stern,Juraj, Dupaľ,Andrej 
260 |a Bratislava :  |b Vysoká škola ekonomická, Bratislava,  |c 1991 
300 |a 164 s :  |b Tabuľky 
500 |a (Dočasná vysokoškolská učebnica) 
700 1 |a Dupaľ, Andrej  |4 aut 
996 |b CS30656  |c C*S30656  |l CCXIV  |s P  |a 0  |w stu18042_0001